[Event "Mecklenburg VP VL 1213"]
[Site "Mecklenburg VP"]
[Date "2013.03.17"]
[Round "7.5"]
[White "Schmidt, Reinhard"]
[Black "Weyrich, Morten"]
[Result "0-1"]
[WhiteElo "1804"]
[BlackElo "2226"]
[PlyCount "44"]
[EventDate "2012.10.14"]
[EventType "team-tourn"]
[EventRounds "9"]
[EventCountry "GER"]
[SourceTitle "EXT 2022"]
[Source "ChessBase"]
[SourceDate "2021.10.06"]
[SourceVersion "1"]
[SourceVersionDate "2021.10.06"]
[SourceQuality "1"]
[WhiteTeam "Warnemuende SF Ostsee"]
[BlackTeam "Schwerin SF"]
[WhiteTeamCountry "GER"]
[BlackTeamCountry "GER"]

1. e4 d5 2. exd5 Qxd5 3. Nc3 Qd8 4. d4 g6 5. Bc4 Nh6 6. Nf3 Nf5 7. Bf4 Bg7 8. Nd5 Na6 9. c3 c6 10. Ne3 Nc7 11. 0-0 0-0 12. Re1 Nxe3 13. fxe3 Nd5 14. Bg5 Be6 15. e4 Nxc3 16. Qd3 Bxc4 17. Qxc4 Nb5 18. Rad1 Nd6 19. Qb3 h6 20. Bh4 Re8 21. Ne5 Qb6 22. Qc2 Bxe5 0-1

[Event "SH-ch Seniors op"]
[Site "Eckernfoerde"]
[Date "2012.10.01"]
[Round "3.19"]
[White "Schumacher, Horst"]
[Black "Schmidt, Reinhard"]
[Result "0-1"]
[WhiteElo "1827"]
[BlackElo "1948"]
[PlyCount "32"]
[EventDate "2012.09.29"]
[EventType "swiss"]
[EventRounds "7"]
[EventCountry "GER"]
[SourceTitle "EXT 2022"]
[Source "ChessBase"]
[SourceDate "2021.10.06"]
[SourceVersion "1"]
[SourceVersionDate "2021.10.06"]
[SourceQuality "1"]

1. e4 c5 2. d4 cxd4 3. c3 d3 4. Bxd3 Nc6 5. Nf3 d6 6. h3 g6 7. Be3 Bg7 8. 0-0 Nf6 9. Nbd2 0-0 10. Nb3 Nd7 11. Nfd4 Nde5 12. f4 Nxd3 13. Qxd3 Nxd4 14. cxd4 d5 15. g4 dxe4 16. Qe2 f5 0-1

[Event "Mecklenburg VP LL2 Ost 1112"]
[Site "Mecklenburg VP"]
[Date "2012.02.26"]
[Round "7.4"]
[White "Laser, Dirk"]
[Black "Schmidt, Reinhard"]
[Result "0-1"]
[WhiteElo "1834"]
[BlackElo "1798"]
[PlyCount "65"]
[EventDate "2011.10.02"]
[EventType "team-tourn"]
[EventRounds "9"]
[EventCountry "GER"]
[SourceTitle "EXT 2022"]
[Source "ChessBase"]
[SourceDate "2021.10.06"]
[SourceVersion "1"]
[SourceVersionDate "2021.10.06"]
[SourceQuality "1"]
[WhiteTeam "Graal Mueritz"]
[BlackTeam "Warnemuende SF Ostsee II"]
[WhiteTeamCountry "GER"]
[BlackTeamCountry "GER"]

1. e4 c5 2. c4 Nc6 3. Nf3 g6 4. d4 cxd4 5. Nxd4 Bg7 6. Be3 d6 7. Nc3 Nf6 8. Be2 0-0 9. 0-0 Bd7 10. Rc1 Rc8 11. b3 Ng4 12. Bxg4 Bxg4 13. f3 Bd7 14. Qd2 a6 15. Rfd1 Bxd4 16. Bxd4 Nxd4 17. Qxd4 Bc6 18. a4 Qa5 19. Nd5 Bxd5 20. Qxd5 Qb6+ 21. Kh1 Qxb3 22. Rb1 Qxa4 23. Rxb7 Rfe8 24. Rc1 Rc5 25. Qd4 Qc6 26. Ra7 Qb6 27. Rd7 a5 28. f4 a4 29. e5 Qc6 30. Ra7 d5 31. Rxa4 Rc8 32. f5 Qxa4 33. fxg6 0-1